Thyssen gegen Wallraff ; oder, Bericht über den Versuch, einen Autor durch Prozesse und Rufmord zum Schweigen zu bringen /

Bibliographic Details
Main Author: Berger, Frank
Other Authors: Jörges, Hans-Ulrich
Format: Book
Language:German
Published: Göttingen : Steidl, 1988.
Edition:1. Aufl.
Subjects:

MARC

Tag First Indicator Second Indicator Subfields
LEADER 00000cam a2200000 a 4500
001 in00003472467
005 20151206104847.0
008 890726s1988 gw a 00010 ger d
020 |a 388243077X 
035 |a (OCoLC)ocm20073862 
040 |a RCE  |c RCE  |d TNY  |d UtOrBLW 
090 |a PN5213.W3  |b B47 1988 
100 1 |a Berger, Frank. 
245 1 0 |a Thyssen gegen Wallraff ;  |b oder, Bericht über den Versuch, einen Autor durch Prozesse und Rufmord zum Schweigen zu bringen /  |c Frank Berger ; mit einem Essay von Hans-Ulrich Jörges. 
250 |a 1. Aufl. 
264 1 |a Göttingen :  |b Steidl,  |c 1988. 
300 |a 169 pages :  |b illustrations ;  |c 18 cm. 
336 |a text  |b txt  |2 rdacontent 
337 |a unmediated  |b n  |2 rdamedia 
338 |a volume  |b nc  |2 rdacarrier 
600 1 0 |a Wallraff, Günter,  |d 1942-  |t Ganz unten. 
600 1 0 |a Wallraff, Günter,  |d 1942- 
610 2 0 |a Thyssen Stahl AG. 
700 1 |a Jörges, Hans-Ulrich. 
999 |a MARS 
999 f f |s 5aa09d51-aa93-3808-ac26-c5f796eecdd5  |i f9960fbc-862a-3956-b46a-32a5c4c086da  |t 0 
952 f f |p ric  |a Texas A&M University  |b Rellis Campus  |c Joint Library Facility  |d Remote Storage  |t 0  |e PN5213.W3 B47 1988  |h Library of Congress classification  |i unmediated -- volume  |m 32060004421000 
998 f f |a PN5213.W3 B47 1988  |t 0  |l Remote Storage